Education and Information Technologies The Official Journal of the IFIP Technical Committee on Education

Guardado en:
Detalles Bibliográficos
Formato: Seriadas
Lenguaje:inglés
Publicado: New York Springer
Etiquetas: Agregar Etiqueta
Sin Etiquetas, Sea el primero en etiquetar este registro!

MARC

LEADER 00000nas1a2200000 4500
001 0251117
005 20250701092103.1
022 |a 1360-2357 
022 |a 1573-7608 
041 0 |a eng 
044 |a US 
245 1 0 |a Education and Information Technologies  |b The Official Journal of the IFIP Technical Committee on Education 
264 1 |a New York  |b Springer